000 00555nam a2200205 i 4500
001 40269
003 ES-MaACL
005 20251206063029.0
007 t|
008 030305s1987 sp ||||1| spa d
020 _a84-7683-072-6
100 1 _aRodríguez Carrasco, Manuel
_935531
245 1 0 _aOculta razón /
_cManuel Carrasco.
260 _aMadrid :
_bEdiciones Libertarias,
_c[1987]
300 _a74 p. ;
_c20 cm.
490 1 _aPoesía
830 0 _aPoesía
_9177794
852 _aES-MaACL
_jL-12816
_bR.115030
999 _c40269
_d40269